| 000 | 00751cab a2200253 4500 | ||
|---|---|---|---|
| 001 | ABS59818 | ||
| 008 | 090401t1998 xxu||||| |||| 00| 0 eng d | ||
| 035 | _a(Sirsi) u90403 | ||
| 041 | _aeng | ||
| 100 | _aRice, P. | ||
| 245 | _aLandfill directive amendments | ||
| 260 | _c1998 | ||
| 350 | _a0 | ||
| 490 |
_aWastes Management _vDecember 1998, 31(1) |
||
| 520 | _aReview of the common position on the recent Draft Landfill Directive. Includes a short commentary on recent enforcement action against Member States. | ||
| 650 |
_aEnvironment _96238 |
||
| 650 | _aLANDFILL TAX REGULATIONS | ||
| 650 | _aLANDFILL | ||
| 650 | _aREQUIREMENTS | ||
| 650 | _aWASTE MANAGEMENT STRATEGIES | ||
| 690 | _aLAND | ||
| 942 | _n0 | ||
| 948 | _c21/12/1998 | ||
| 999 |
_c57313 _d57313 |
||